000 00369nam a2200157Ia 4500
003 Ost
005 20260225132541.0
008 260225s9999||||xx |||||||||||||| ||und||
040 _cfsic
041 _afre
082 _a822.33
100 _aWilliam shekespeare
_eAuteur
245 0 _aNew Swan Shakespeare Macbeth /
245 0 _cWilliam shekespeare
942 _cكتاب
999 _c33540
_d33540